[Event "Asia-ch U08 Girls"]
[Site "Almaty"]
[Date "2024.06.14"]
[Round "3"]
[White "Golizadeh, Asena"]
[Black "Ametova, Ameliya"]
[Result "1-0"]
[WhiteElo "1561"]
[BlackElo "1462"]
[PlyCount "23"]
[EventDate "2024.06.12"]
[EventType "swiss"]
[EventRounds "9"]
[EventCountry "KAZ"]
[SourceTitle "EXT 2025"]
[Source "ChessBase"]
[SourceDate "2024.10.14"]
[SourceVersion "1"]
[SourceVersionDate "2024.10.14"]
[SourceQuality "1"]
[WhiteTeam "IRI"]
[BlackTeam "KAZ"]

1. e4 c5 2. Nc3 Nc6 3. f4 g6 4. Nf3 Bg7 5. Bb5 a6 6. Bxc6 dxc6 7. d3 e6 8. e5 Ne7 9. Ne4 c4 10. Nd6+ Kf8 11. Ng5 Rg8 12. Nxh7# 1-0

[Event "Asia-ch U08 Girls"]
[Site "Almaty"]
[Date "2024.06.12"]
[Round "1"]
[White "Golizadeh, Asena"]
[Black "Bayramova, Balahanum"]
[Result "1-0"]
[WhiteElo "1561"]
[BlackElo "1422"]
[PlyCount "55"]
[EventDate "2024.06.12"]
[EventType "swiss"]
[EventRounds "9"]
[EventCountry "KAZ"]
[SourceTitle "EXT 2025"]
[Source "ChessBase"]
[SourceDate "2024.10.14"]
[SourceVersion "1"]
[SourceVersionDate "2024.10.14"]
[SourceQuality "1"]
[WhiteTeam "IRI"]
[BlackTeam "TKM"]

1. e4 c5 2. Nc3 d6 3. f4 Nf6 4. Nf3 g6 5. Bb5+ Bd7 6. Bxd7+ Nbxd7 7. 0-0 Bg7 8. d3 0-0 9. Bd2 a6 10. a4 a5 11. Qe2 Qb6 12. Rab1 c4+ 13. Be3 Nc5 14. Na2 cxd3 15. cxd3 Rfc8 16. b4 axb4 17. Nxb4 Rxa4 18. Nd5 Qa6 19. Nxe7+ Kf8 20. Nxc8 Ra2 21. Qd1 Na4 22. Qb3 Re2 23. Ng5 d5 24. Qa3+ Kg8 25. Qe7 Kh8 26. Qd8+ Bf8 27. Qxf8+ Ng8 28. Nxf7# 1-0